Nueva historia argentina : tomo 4 :
Guardado en:
| Autor Principal: | |
|---|---|
| Otros Autores: | , , , , |
| Formato: | Libro |
| Publicado: |
Buenos Aires :
Sudamericana
|
| Materias: | |
| Etiquetas: |
Agregar Etiqueta
Sin Etiquetas, Sea el primero en etiquetar este registro!
|
| LEADER | 01467nam a22002655a 4500 | ||
|---|---|---|---|
| 001 | CEM.cems011928 | ||
| 005 | 20071101191544.0 | ||
| 008 | 130507b######################000#0#####d | ||
| 003 | CEMS | ||
| 020 | |a 9500715791 | ||
| 082 | 0 | 4 | |a Z982 |
| 100 | 1 | |a Suriano, Juan | |
| 245 | 1 | 0 | |a Nueva historia argentina : |b tomo 4 : |c Coordinación General de La Obra Juan Suriano ; directora Del Tomo Marta Bonaudo |
| 260 | |a Buenos Aires : |b Sudamericana | ||
| 300 | |a 605 p. | ||
| 505 | 0 | |a Los grupos dominantes entre la legitimidad y el control / Marta Bonaudo ; Elida Sonzogni -- De la República de la opinión a la República de las instituciones / Alberto R. Littieri -- La vida pública en Buenos Aires / Hilda Sabato -- El imginario paisajístico en el litoral y el sur argentinos / Graciela Silvestri -- Un mundo rural en cambio / Blanca Zeberio -- Las producciones regionales extrapampeanas / Daniel Campi ; Rodolfo Richard Jorba -- Las burguesías regionales / Sandra R. Fernández ; Adriana S. Pons ; Oscar R. Videla -- Los trabajadores y el mundo del trabajo / Ricardo Falcón -- La cultura: público, autores y editores / Alejandro Eujanián | |
| 653 | |a Historia | ||
| 653 | |a Historia argentina | ||
| 653 | |a Historia argentina 1852-1880 | ||
| 700 | 1 | |a Bonaudo, Marta | |
| 700 | 1 | |a Sonzogni, Elida | |
| 700 | 1 | |a Littieri, Alberto R. | |
| 700 | 1 | |a Sabato, Hilda | |
| 700 | 1 | |a Silvestri, Graciela | |
| 859 | |a CEMS |b BIB. CEMS - 11 de abril |h Z982 |i SU77 |p 23014.05 |t Ej.1 |v IV |3 IV | ||
